Petit Bac #50 - Communes de La Réunion - Statistiques

Statistiques générales
  • Ce quiz a été pris 416 fois
    374 depuis la dernière actualisation
  • Le résultat moyen est 4 sur 6
Statistiques - réponses
1ère Lettre Commune % Correct
S Saint-Denis / Saint-Paul / Saint-Pierre / Saint-André / Saint-Louis / Saint-Joseph / Saint-Benoît / Saint-Leu / Sainte-Marie / Sainte-Suzanne / Salazie / Sainte-Rose / Saint-Philippe
98%
L Le Tampon / Le Port / La Possession / L'Étang-Salé / Les Avirons / Les Trois-Bassins / La Plaine-des-Palmistes
74%
C Cilaos
62%
B Bras-Panon
44%
E Entre-Deux
40%
P Petite-Île
32%
Aucun quiz correspondant
Distribution des résultats
% des personnes avec chaque résultat
Percentile par nombre de réponses
Votre historique - résultats
Vous n’avez pas pris ce quiz depuis la dernière actualisation